OECD pensions outlook 2012
Salvato in:
| Natura: | Libro |
|---|---|
| Lingua: | inglese |
| Pubblicazione: |
Paris
OECD
2012
|
| Soggetti: | |
| Tags: |
Nessun Tag, puoi essere il primo ad aggiungerne!!
|
MARC
| LEADER | 00000nam a2200000 4500 | ||
|---|---|---|---|
| 001 | 0167379 | ||
| 005 | 20240315121040.7 | ||
| 020 | |a 978-92-64-16939-5 | ||
| 041 | 0 | |a eng | |
| 044 | |a FR | ||
| 245 | 1 | 0 | |a OECD pensions outlook 2012 |
| 264 | 1 | |a Paris |b OECD |c 2012 | |
| 300 | |a 230 s. | ||
| 610 | 2 | 0 | |a penzie |
| 610 | 2 | 0 | |a dôchodky |
| 610 | 2 | 0 | |a dôchodky starobné |
| 610 | 2 | 0 | |a dôchodky sociálne |
| 610 | 2 | 0 | |a reformy dôchodkové |
| 610 | 2 | 0 | |a reformy sociálne |
| 610 | 2 | 0 | |a politika dôchodková |
| 610 | 2 | 0 | |a systémy dôchodkové |
| 610 | 2 | 0 | |a východná Európa |
| 610 | 2 | 0 | |a stredná Európa |
| 610 | 2 | 0 | |a porovnanie štatistické medzinárodné |